DOKUMEN MS ISO 9001 : 2000 (Vol. 3). : "Pengurusan Pengeluaran Kayu secara Berkekalan bagi Hutan Darat Asli di Hutan Simpanan Kekal

Bibliographic Details
Corporate Author: Jabatan Perhutanan Semenanjung Malaysia
Format: Book
Published: Kuala Lumpur : Jabatan Perhutanan Semenanjung Malaysia , 2005
Subjects:

MARC

LEADER 00000cam a2200000 7i4500
001 0000003417
005 20051221.0
090 0 0 |a JPSM 634.9209595   |b ISO 
110 1 0 |a Jabatan Perhutanan Semenanjung Malaysia 
245 1 0 |a DOKUMEN MS ISO 9001 : 2000 (Vol. 3). :   |b "Pengurusan Pengeluaran Kayu secara Berkekalan bagi Hutan Darat Asli di Hutan Simpanan Kekal 
260 0 0 |a Kuala Lumpur :   |b Jabatan Perhutanan Semenanjung Malaysia ,   |c 2005 
300 |a 72 p. ;   |c 30 cm. 
500 0 0 |a Prosedur Kualiti (Proses). Aktiviti-Aktiviti Pengusahasilan Hutan 
650 0 0 |a Forest and forestry   |z Malaysia   |x Handbook, manual, etc. 
650 0 0 |a Forest management   |z Malaysia   |x Handbook, manual, etc. 
999 |a 0000006488   |b Monograph   |c Open Shelf   |e Default branch